000 00674nam a2200205 a 4500
001 000009521
005 20240412074211.0
008 090930s1993 dr 000 f spa d
040 _aDO-SdBNP
_bspa
_cBNPHU
082 _aRD861.44
_bM343v
100 1 _aMarizan, Jaime Antonio
_924344
245 1 3 _aAncar :
_bel viajero del conocimiento /
_cJaime Antonio Marizan.
260 _aSanto Domingo :
_bEditorial Corazón,
_c1993.
300 _a145 p. ;
_c20 cm.
500 _aIncluye datos biográficos de autor en la solapa.
590 _aLa biblioteca posee 3 ejemplar autográfiado
650 0 _aLiteratura dominicana.
_967
650 0 _aPoesía dominicana
_966
049 _aBNPD
999 _c9281
_d9281